Gaming Quiz

Random Gaming or Board Games Quiz

Find the Outdoor Games Quiz Stats

 Plays Quiz Updated Aug 30, 2017

     
Support Sporcle.
Go Orange.
Score 0/20 Timer 04:00
1 Play Today
% Correct
Tug of War
94.7%
Giant Chess
93.5%
Giant Jenga
93%
Lawn Twister
92.9%
Badminton
92.9%
Miniature Golf
92.4%
Hopscotch
92.3%
Giant Connect Four
92.3%
Backyard Scrabble
91.7%
Horseshoes
90.8%
% Correct
Croquet
90.2%
Giant Backgammon
90%
Giant Beer Pong
89%
Lawn Bowls
87.4%
Ladder Toss
87.2%
Cornhole
86.5%
Disc Golf
84.4%
Lawn Darts
82%
Hacky Sack
80.7%
Lawn KerPlunk
77.1%

From the Vault

Click the States of College Football Playoff Teams

by El_Dandy

Sports 2.5m
We're talking about the playoffs!
Remove Ads.
Support Sporcle.
Get the best of Sporcle when you Go Orange. This ad-free experience offers more features, more stats, and more fun while also helping to support Sporcle. Thank you for becoming a member.

Show Comments

Extras

Top Quizzes Today


Score Distribution

Your Account Isn't Verified!

In order to create a playlist on Sporcle, you need to verify the email address you used during registration. Go to your Sporcle Settings to finish the process.

Report this User

Report this user for behavior that violates our Community Guidelines.

Details: